| 000 | 00441nam a22001697a 4500 | ||
|---|---|---|---|
| 003 | MACL | ||
| 005 | 20160721145224.0 | ||
| 008 | 160721b xxu||||| |||| 00| 0 eng d | ||
| 040 | _cMACL | ||
| 041 | _aEnglish | ||
| 082 | _a300 MAN | ||
| 100 |
_aMandal, Keshab Chandra _913763 |
||
| 245 |
_aGender And Empowerment _cKeshab Chandra Mandal |
||
| 260 |
_aKolkata _bLevant Books _c2012 |
||
| 650 |
_aWomen's Power _964869 |
||
| 942 |
_2ddc _cBK |
||
| 999 |
_c54584 _d54584 |
||